La garantía en el Estado constitucional de derecho /
Contiene: Introducción; Estado, derecho y garantía; Constitución y garantía; Los derechos fundamentales como garantía; Derechos subjetivos y garantía; La garantía de intereses legítimos; La garantía en el momento legislativo del sistema jurídico; La garantía en el momento judicial del Estado constit...
Shranjeno v:
| Glavni avtor: | |
|---|---|
| Format: | Knjiga |
| Jezik: | španščina |
| Izdano: |
Madrid, España :
Trotta,
1997, c1997
|
| Serija: | (Estructuras y Procesos. Derecho)
|
| Teme: | |
| Oznake: |
Brez oznak, prvi označite!
|
MARC
| LEADER | 00000nam^a2200000^a^4500 | ||
|---|---|---|---|
| 001 | 000155329 | ||
| 005 | 20250521000000.0 | ||
| 009 | 20260310100425.494 | ||
| 020 | |a 84-8164-180-4 | ||
| 037 | |a Acervo ITESO - Biblioteca | ||
| 041 | |a ESP | ||
| 082 | |a 342. 04 |b PEÑ | ||
| 100 | |a Peña Freire, Antonio Manuel |e (autor) | ||
| 245 | 1 | 3 | |a La garantía en el Estado constitucional de derecho / |c A.M. Peña Freire ; pról. de Tomás-Ramón Fernández Rodríguez. |
| 264 | 4 | |a Madrid, España : |b Trotta, |c 1997, c1997 | |
| 300 | |a 303 p. | ||
| 336 | |a texto |b txt |2 rdacontenido | ||
| 337 | |a sin mediación |b n |2 rdamedio | ||
| 338 | |a volumen |b nc |2 rdasoporte | ||
| 440 | 1 | |a (Estructuras y Procesos. |p Derecho) | |
| 520 | |a Contiene: Introducción; Estado, derecho y garantía; Constitución y garantía; Los derechos fundamentales como garantía; Derechos subjetivos y garantía; La garantía de intereses legítimos; La garantía en el momento legislativo del sistema jurídico; La garantía en el momento judicial del Estado constitucional de derecho; La garantía frente a los actos de la administración. | ||
| 649 | |a XX | ||
| 650 | |a Garantías Individuales | ||
| 650 | |a Poder Legislativo | ||
| 650 | |a Poder Judicial | ||
| 650 | |a Estado de Derecho | ||
| 650 | |a Administración Pública | ||
| 650 | |a Derechos Humanos | ||
| 650 | |a Derecho Subjetivo | ||
| 650 | |a Derecho Constitucional | ||
| 650 | |a Derecho Administrativo | ||
| 650 | |a Derecho Público | ||
| 910 | |a Fondo General | ||
| 920 | |a Impresos - Libros | ||
| 930 | |a Colección General | ||
| 905 | |a 101 | ||
| 901 | |a 0500083166 |b IT1 |c ACC |u 20250521 | ||
| 902 | |a https://opac.biblio.iteso.mx/vufind/Record/000155329 | ||